000
00293nam a2200121Ia 4500
005
20251222154322.0
008
251222s9999||||xx |||||||||||||| ||spa||
020
_a
84-206-1675-3
082
_a
863.64/F42C
100
_a
"Fernández Santos, Jesús"
245
0
_a
Cuentos completos
942
_c
LIB
999
_c
33818
_d
33818